000 00361nam a2200133Ia 4500
008 240624s9999 xx 000 0 und d
041 _aeng
082 _a658.83 GOF
100 _aGOFFIN KEITH
245 _aIDENTIFYING HIDDEN NEEDS CREATING BREAKT
260 _c2010
_aNew Delhi
_bPalgrave Macmillan
300 _axxiv, : 261 : p. : cm. ; 23
365 _cERU
_b38
999 _c28279
_d28279